000 01634nam a22002654aa4500
003 BOFEUTO
005 20240502095518.0
008 240426t2023 bo gr 001 f spa d
040 _6BOFEUTO
_aBOFEUTO
_cBOFEUTO
041 _aspa
044 _abo
082 _aTE5439
_bC141p
100 _aCalizaya, Katherine Pamela
_eautor
245 _aPlan de marketing social media para la empresa Petshop y peluquerá PEKYS en la ciudad de Oruro /
_cKatherine Pamela Calizaya
260 _aOruro :
_bs/n,
_c2023.
300 _a102 hojas :
_bfig., tabl. ;
_c28.5 cm.
500 _aIncluye bibliografía, anexos.
502 _aProyecto de grado Doble Titulación V -- (Licenciatura) Universidad Técnica de Oruro, Facultad de Ciencias Económicas Financieras y Administrativas, Carrera Administración de Empresas, 2023.
520 _aEl presente proyecto de grado tiene como propósito el diseñar el plan de marketing social media para la empresa Peth Shop y Peluquería PEKYS en la ciudad de Oruro dedicada a la venta de productos para mascotas y además consta del servicio de peluquería canina, este trabajo tiene el fin de lograr una captación de clientes nuevos ya que esta empresa no es conocida. En la actualidad la empresa no tiene presencia en las redes sociales y eso es un déficit, ya que hoy en día toda publicidad se realiza a través del social media, la falta el uso y conocimiento de estas plataformas sociales impide el interactuar con los clientes.
650 _aAdministración
653 _aMarketing
653 _aSocial media
700 _aDockar Chuquimia, María del Carmen
_etutor
942 _2ddc
_cTE
_n0
999 _c15118
_d15118